[Event "Brasschaat op 19th"]
[Site "Brasschaat"]
[Date "2019.08.20"]
[Round "4"]
[White "Beukema, Christiaan"]
[Black "Van Dijck, Bjarne"]
[Result "0-1"]
[WhiteElo "1856"]
[BlackElo "2053"]
[PlyCount "48"]
[EventDate "2019.08.17"]
[EventType "swiss"]
[EventRounds "9"]
[EventCountry "BEL"]
[SourceTitle "EXT 2020"]
[Source "ChessBase"]
[SourceDate "2019.10.17"]
[SourceVersion "1"]
[SourceVersionDate "2019.10.17"]
[SourceQuality "1"]

1. e4 e5 2. Nf3 Nc6 3. Bc4 Nf6 4. d3 Bc5 5. c3 a6 6. Bb3 Ba7 7. Nbd2 0-0 8. h3 d5 9. Qe2 dxe4 10. dxe4 Qe7 11. Nf1 h6 12. Ng3 Be6 13. Nh4 Bxb3 14. axb3 Qe6 15. b4 Rfd8 16. Qf3 Rd7 17. Ngf5 Qc4 18. Ng3 Rad8 19. Bxh6 gxh6 20. Qxf6 Rd2 21. Rf1 Nxb4 22. cxb4 Qxb4 23. Qxe5 Rxb2+ 24. Qc3 Qxc3# 0-1

[Event "Wch U20 57th"]
[Site "Manavgat"]
[Date "2018.09.15"]
[Round "11"]
[White "Fleri, Matthew"]
[Black "Beukema, Christiaan"]
[Result "1/2-1/2"]
[WhiteElo "1625"]
[BlackElo "1904"]
[PlyCount "43"]
[EventDate "2018.09.05"]
[EventType "swiss"]
[EventRounds "11"]
[EventCountry "TUR"]
[SourceTitle "CBM 186 Extra"]
[Source "ChessBase"]
[SourceDate "2018.08.24"]
[SourceVersion "1"]
[SourceVersionDate "2018.08.24"]
[SourceQuality "1"]

1. e4 e5 2. Nf3 Nc6 3. Bc4 Bc5 4. d3 d6 5. Nc3 Bg4 6. Be3 Bb6 7. h3 Bh5 8. 0-0 Nf6 9. Qe2 Nd4 10. Bxd4 Bxd4 11. Nd1 0-0 12. c3 Bb6 13. Ne3 c6 14. Bb3 Bc7 15. Bc2 d5 16. Nf5 Re8 17. Rad1 h6 18. Rfe1 Bg6 19. N3h4 Bh5 20. Nf3 Bg6 21. N3h4 Bh5 22. Nf3 1/2-1/2

[Event "Vlissingen HZ op 21st"]
[Site "Vlissingen"]
[Date "2017.08.12"]
[Round "9"]
[White "Goormachtigh, Johan"]
[Black "Beukema, Christiaan"]
[Result "1-0"]
[WhiteElo "2156"]
[BlackElo "1767"]
[PlyCount "89"]
[EventDate "2017.08.05"]
[EventType "swiss"]
[EventRounds "9"]
[EventCountry "NED"]
[SourceTitle "CBM 179 Extra"]
[Source "ChessBase"]
[SourceDate "2017.08.23"]
[SourceVersion "1"]
[SourceVersionDate "2017.08.23"]
[SourceQuality "1"]

1. d4 d5 2. c4 e6 3. Nc3 Be7 4. Nf3 Nf6 5. Bf4 0-0 6. e3 b6 7. Bd3 c5 8. cxd5 Nxd5 9. Nxd5 exd5 10. Ne5 c4 11. Nxc4 dxc4 12. Be4 Bb4+ 13. Kf1 Ba6 14. Bxa8 c3+ 15. Kg1 cxb2 16. Rb1 Ba3 17. Qb3 Qe7 18. Rxb2 Bxb2 19. Qxb2 Rc8 20. h3 Nc6 21. Bxc6 Rxc6 22. Kh2 Bb7 23. Rc1 g5 24. Rxc6 Bxc6 25. Be5 h5 26. Qc2 Qe6 27. f3 h4 28. e4 a6 29. Bc7 Bb5 30. d5 Qd7 31. Be5 Ba4 32. Qc3 Kh7 33. Bh8 Qd6+ 34. Kh1 Qf8 35. Bf6 Kg6 36. Qe5 Qh6 37. Qf5+ Kh5 38. f4 Bd7 39. Qxg5+ Qxg5 40. Bxg5 b5 41. Kg1 a5 42. Bd8 a4 43. Be7 Kg6 44. Bxh4 b4 45. Be1 1-0

[Event "BEL-ch U18"]
[Site "Blankenberge"]
[Date "2017.04.12"]
[Round "5"]
[White "Beukema, Christiaan"]
[Black "Huygebaert, Batist"]
[Result "0-1"]
[WhiteElo "1832"]
[BlackElo "1819"]
[PlyCount "60"]
[EventDate "2017.04.09"]
[EventType "swiss"]
[EventRounds "9"]
[EventCountry "BEL"]
[SourceTitle "CBM 178 Extra"]
[Source "ChessBase"]
[SourceDate "2017.06.22"]
[SourceVersion "1"]
[SourceVersionDate "2017.06.22"]
[SourceQuality "1"]

1. e4 e6 2. d4 d5 3. Bd3 c5 4. exd5 Qxd5 5. Nc3 Qd8 6. dxc5 Bxc5 7. Nf3 Nc6 8. 0-0 Nf6 9. Bg5 h6 10. Bh4 0-0 11. Ne4 Be7 12. Qe2 Nh5 13. Bxe7 Qxe7 14. Qe3 f5 15. Nc3 Nf6 16. h3 e5 17. Bc4+ Kh7 18. Rfe1 Re8 19. Nd5 Nxd5 20. Bxd5 Nb4 21. Bb3 e4 22. Nd4 Bd7 23. Rad1 Rad8 24. c3 Na6 25. f3 Nc5 26. Bc2 Qh4 27. Nxf5 Bxf5 28. Qxc5 Bg6 29. Qb4 Rd2 30. Rf1 Rxc2 0-1

[Event "Brasschaat op 16th"]
[Site "Brasschaat"]
[Date "2016.08.22"]
[Round "3"]
[White "Osinga, Angelique"]
[Black "Beukema, Christiaan"]
[Result "1/2-1/2"]
[WhiteElo "1922"]
[BlackElo "1715"]
[PlyCount "27"]
[EventDate "2016.08.20"]
[EventType "swiss"]
[EventRounds "9"]
[EventCountry "BEL"]
[SourceTitle "CBM 174 Extra"]
[Source "ChessBase"]
[SourceDate "2016.10.10"]
[SourceVersion "1"]
[SourceVersionDate "2016.10.10"]
[SourceQuality "1"]

1. e4 e5 2. Nf3 Nc6 3. Bc4 Bc5 4. c3 Nf6 5. d4 exd4 6. cxd4 Bb4+ 7. Bd2 Nxe4 8. Bxb4 Nxb4 9. Bxf7+ Kxf7 10. Qb3+ Kf8 11. Qxb4+ Qe7 12. Qxe7+ Kxe7 13. Nbd2 Nxd2 14. Kxd2 1/2-1/2

[Event "BEL-ch U16"]
[Site "Blankenberge"]
[Date "2015.04.16"]
[Round "7"]
[White "Dubbeldam, Lydia"]
[Black "Beukema, Christiaan"]
[Result "1-0"]
[WhiteElo "1799"]
[BlackElo "1502"]
[PlyCount "107"]
[EventDate "2015.04.12"]
[EventType "swiss"]
[EventRounds "9"]
[EventCountry "BEL"]
[SourceTitle "CBM 166 Extra"]
[Source "ChessBase"]
[SourceDate "2015.06.18"]
[SourceVersion "1"]
[SourceVersionDate "2015.06.18"]
[SourceQuality "1"]

1. e4 e5 2. Nf3 Nc6 3. d4 exd4 4. Nxd4 Bb4+ 5. c3 Bc5 6. Be3 Bb6 7. Bc4 Nf6 8. f3 0-0 9. Nc2 Ne5 10. Bb3 c6 11. 0-0 Qc7 12. Nba3 d5 13. exd5 cxd5 14. Kh1 Bxe3 15. Nxe3 Be6 16. Qe2 Rad8 17. Rad1 Rfe8 18. Nb5 Qb6 19. Nd4 a6 20. Rd2 Nc6 21. Rfd1 Nxd4 22. Rxd4 Rd6 23. Qd2 h6 24. c4 Qa7 25. cxd5 Red8 26. h3 b5 27. f4 a5 28. a3 Kh8 29. Qd3 Qc5 30. Qc3 Qxc3 31. bxc3 Bc8 32. c4 bxc4 33. Bxc4 g6 34. g4 Bb7 35. Kg2 h5 36. g5 Nd7 37. f5 Nb6 38. Ba2 Kg7 39. f6+ Kg8 40. Kf3 Nd7 41. Kf4 Nb6 42. Ke5 Kf8 43. Rc1 a4 44. Rc7 Ba8 45. Ra7 Re8+ 46. Kxd6 Nc8+ 47. Kc5 Nxa7 48. Rxa4 Rxe3 49. Rxa7 Rc3+ 50. Bc4 Bxd5 51. Kxd5 Kg8 52. Rxf7 Kxf7 53. Kd4+ Rxc4+ 54. Kxc4 1-0

[Event "NED-ch U14 op"]
[Site "Borne"]
[Date "2013.08.06"]
[Round "2"]
[White "Beukema, Christiaan"]
[Black "Wasielewski, Kim Luca"]
[Result "1/2-1/2"]
[WhiteElo "1311"]
[BlackElo "1064"]
[PlyCount "72"]
[EventDate "2013.08.05"]
[EventType "swiss"]
[EventRounds "9"]
[EventCountry "NED"]
[SourceTitle "EXT 2015"]
[Source "ChessBase"]
[SourceDate "2014.11.20"]
[SourceVersion "1"]
[SourceVersionDate "2014.11.20"]
[SourceQuality "1"]

1. e4 d5 2. exd5 Nf6 3. d4 Nxd5 4. Nf3 c6 5. c4 Nf6 6. Nc3 Bg4 7. Be2 e6 8. a3 Nbd7 9. c5 Nd5 10. Nxd5 cxd5 11. b4 a6 12. Bf4 Be7 13. 0-0 0-0 14. Qd2 Nf6 15. h3 Bh5 16. Qe3 Rc8 17. Bd3 Bxf3 18. Qxf3 Qd7 19. Qg3 Nh5 20. Qg4 Nxf4 21. Qxf4 Bf6 22. Rfe1 Qe7 23. Qg4 Rfe8 24. Re3 Qd8 25. Rae1 Qe7 26. Bc2 g6 27. Bb3 h5 28. Qd1 Qc7 29. Bxd5 Rcd8 30. Bb3 Bxd4 31. Rd3 Qf4 32. Re2 e5 33. Kh1 Qf6 34. f3 Kg7 35. Red2 Qf4 36. a4 Rc8 1/2-1/2

[Event "Maastricht Limburg op-C 7th"]
[Site "Maastricht"]
[Date "2013.05.19"]
[Round "4"]
[White "Montforts, Ton"]
[Black "Beukema, Christiaan"]
[Result "0-1"]
[WhiteElo "1673"]
[BlackElo "1527"]
[PlyCount "46"]
[EventDate "2013.05.17"]
[EventType "swiss"]
[EventRounds "7"]
[EventCountry "NED"]
[SourceTitle "EXT 2014"]
[Source "ChessBase"]
[SourceDate "2013.11.20"]
[SourceVersion "1"]
[SourceVersionDate "2013.11.20"]
[SourceQuality "1"]

1. d4 d5 2. Nf3 e6 3. Bf4 Nf6 4. e3 Nbd7 5. Bd3 c6 6. 0-0 h5 7. Nbd2 Rg8 8. e4 dxe4 9. Nxe4 Nxe4 10. Bxe4 Be7 11. Qd2 g5 12. Be3 f5 13. Bxf5 exf5 14. Qd3 f4 15. Bd2 g4 16. Qc4 Rg7 17. Rfe1 gxf3 18. Bb4 Kf8 19. Rxe7 c5 20. Rxd7 Rxg2+ 21. Kh1 Bxd7 22. Bxc5+ Kg7 23. Re1 Rxh2+ 0-1

[Event "Maastricht Limburg op-C 6th"]
[Site "Maastricht"]
[Date "2012.05.28"]
[Round "7"]
[White "Beukema, Christiaan"]
[Black "Havenith, Michael"]
[Result "1/2-1/2"]
[WhiteElo "1146"]
[BlackElo "1691"]
[PlyCount "148"]
[EventDate "2012.05.25"]
[EventType "swiss"]
[EventRounds "7"]
[EventCountry "NED"]
[SourceTitle "EXT 2013"]
[Source "ChessBase"]
[SourceDate "2012.11.22"]
[SourceVersion "1"]
[SourceVersionDate "2012.11.22"]
[SourceQuality "1"]

1. e4 c6 2. d4 d5 3. Nc3 dxe4 4. Nxe4 Bf5 5. Ng3 Bg6 6. Bf4 Nd7 7. Nf3 Ngf6 8. Be2 e6 9. 0-0 Be7 10. Bd3 0-0 11. c4 c5 12. Bxg6 hxg6 13. h3 cxd4 14. Qxd4 Bc5 15. Qc3 Qb6 16. Be3 Bxe3 17. fxe3 Rac8 18. b3 Nd5 19. Qd4 Nxe3 20. Qxb6 Nxb6 21. Rfc1 Rfd8 22. Kf2 Nf5 23. Ne4 Rc7 24. g4 Ne7 25. Rd1 Rcd7 26. Rxd7 Rxd7 27. Rc1 Nc6 28. Ke3 Kf8 29. h4 Ke7 30. g5 f5 31. gxf6+ gxf6 32. Rg1 Kf7 33. Nc5 Rc7 34. Rf1 Nd8 35. Ne4 f5 36. Ne5+ Kg7 37. Nd6 Rc5 38. Kd4 Ra5 39. a4 Nc6+ 40. Nxc6 bxc6 41. Nb7 e5+ 42. Kc3 Nxa4+ 43. bxa4 Rxa4 44. Kb3 Ra6 45. c5 Kh6 46. Rd1 Kh5 47. Rd6 Ra1 48. Kb2 Ra4 49. Nd8 Rxh4 50. Nxc6 Rc4 51. Rd5 e4 52. Nxa7 Kg4 53. c6 Kf3 54. Nb5 e3 55. Rd3 Kf2 56. Nd4 e2 57. Nxe2 Rxc6 58. Nf4 g5 59. Nh3+ Ke2 60. Rd5 g4 61. Nf4+ Kf3 62. Rxf5 Ke4 63. Rf7 g3 64. Ng2 Rh6 65. Rf4+ Ke5 66. Rg4 Rh2 67. Rxg3 Rh8 68. Kc3 Rd8 69. Re3+ Kf5 70. Nh4+ Kf4 71. Re1 Kg4 72. Ng6 Kf3 73. Ne5+ Kf2 74. Nd3+ Rxd3+ 1/2-1/2

[Event "Maastricht Limburg op-C 6th"]
[Site "Maastricht"]
[Date "2012.05.26"]
[Round "3"]
[White "Beukema, Christiaan"]
[Black "Heuts, Guido"]
[Result "0-1"]
[WhiteElo "1146"]
[BlackElo "1374"]
[PlyCount "80"]
[EventDate "2012.05.25"]
[EventType "swiss"]
[EventRounds "7"]
[EventCountry "NED"]
[SourceTitle "EXT 2013"]
[Source "ChessBase"]
[SourceDate "2012.11.22"]
[SourceVersion "1"]
[SourceVersionDate "2012.11.22"]
[SourceQuality "1"]

1. e4 c6 2. d4 d5 3. Nc3 Nd7 4. exd5 cxd5 5. Nxd5 e6 6. Nc3 Ngf6 7. Nf3 Bb4 8. Bd2 Nb6 9. a3 Be7 10. Bg5 0-0 11. Bd3 Nbd5 12. Nxd5 Nxd5 13. Bxe7 Qxe7 14. Qd2 Rd8 15. 0-0 h6 16. Rfe1 b6 17. Be4 Bb7 18. c4 Nf6 19. d5 Rac8 20. b3 Qd6 21. Qd3 exd5 22. cxd5 Bxd5 23. Rad1 Nxe4 24. Qxe4 Bxe4 25. Rxd6 Rxd6 26. Rxe4 Rc1+ 27. Re1 Rdd1 28. Kf1 Rxe1+ 29. Nxe1 Rc3 30. b4 Rxa3 31. Nc2 Rc3 32. Ne3 a5 33. bxa5 bxa5 34. Nd5 Rc5 35. Nb6 Rb5 36. Nc4 a4 37. Ke1 Rb4 38. Na3 Rb3 39. Nc2 a3 40. Kd2 a2 0-1

[Event "Enschede op-E U14"]
[Site "Enschede"]
[Date "2009.08.05"]
[Round "7"]
[White "Mes, Emily"]
[Black "Beukema, Christiaan"]
[Result "1-0"]
[WhiteElo "1082"]
[BlackElo "1112"]
[PlyCount "51"]
[EventDate "2009.08.03"]
[EventType "swiss"]
[EventRounds "9"]
[EventCountry "NED"]
[SourceTitle "CBM 132 Extra"]
[Source "ChessBase"]
[SourceDate "2009.11.03"]
[SourceVersion "1"]
[SourceVersionDate "2009.11.03"]
[SourceQuality "1"]

1. e4 c5 2. Nf3 Nc6 3. Nc3 d6 4. d4 cxd4 5. Nxd4 Nxd4 6. Qxd4 e5 7. Qd1 g6 8. Bc4 Nf6 9. Bg5 Bg7 10. h3 Be6 11. Bb5+ Bd7 12. Qe2 a6 13. Bxd7+ Qxd7 14. 0-0 0-0 15. Qe3 Rac8 16. Bh6 Bxh6 17. Qxh6 Kh8 18. Ne2 Rxc2 19. Qxf8+ Ng8 20. Rfe1 Rxb2 21. Ng3 Qc7 22. Rec1 Qb6 23. Rf1 f6 24. Rac1 Rxa2 25. Rc8 Qb3 26. Qxf6# 1-0

[Event "Twente Young Master op-E"]
[Site "Twente"]
[Date "2007.08.10"]
[Round "2"]
[White "Beukema, Christiaan"]
[Black "Mollema, Thomas"]
[Result "0-1"]
[WhiteElo "520"]
[BlackElo "946"]
[PlyCount "32"]
[EventDate "2007.08.08"]
[EventType "swiss"]
[EventRounds "5"]
[EventCountry "NED"]
[SourceTitle "EXT 2008"]
[Source "ChessBase"]
[SourceDate "2007.11.25"]
[SourceVersion "1"]
[SourceVersionDate "2007.11.25"]
[SourceQuality "1"]

1. e4 e5 2. Nf3 Nc6 3. Bc4 Nf6 4. Ng5 d5 5. exd5 Nxd5 6. Bxd5 Qxd5 7. Nc3 Qxg2 8. Rf1 Qxg5 9. d3 Qh4 10. Rh1 Bg4 11. Qd2 Nd4 12. b3 Nf3+ 13. Ke2 Nxd2+ 14. Kxd2 Qxf2+ 15. Ne2 Bb4+ 16. c3 Qxe2# 0-1